LDR 00926naa#a2200181#i#450# 001 RU\\bibl\120257 005 20260416171622.4 011 ## _a1819-4036 100 ## _a20210331b2021####ek#y0rusy0150####ca 102 ## _aRU 200 1# _aОСОБЕННОСТИ ФОРМИРОВАНИЯ УРОЖАЙНОСТИ У ОБРАЗЦОВ ЯРОВОЙ МЯГКОЙ ПШЕНИЦЫ СИБИРСКОЙ СЕЛЕКЦИИ В УСЛОВИЯХ КРАСНОЯРСКОЙ ЛЕСОСТЕПИ _eЖурнальная статья 210 1# _aКрасноярск _cКрасноярский государственный аграрный университет _d2021 215 ## _a4 с. 608 ## _aЖурнальная статья _2local 675 ## _aОбщие вопросы сельского хозяйства. 631 _z 700 #1 _aНикитина _gВера Ивановна 700 #1 _aФедосенко _gДенис Федорович 856 4# _avestnik.kgau.ru _u